Obálka Náhled e-knihy:
PDF Epub
Pro půjčování e-knih musíte být přihlášeni.
Jak si půjčit online?

Anna v krvi odetá /

x

Uloženo v:
Série:Cas a Anna, část 1
Hlavní autor: Blakeová, Kendare (Autor)
Médium: E-kniha
Jazyk:Czech
Vydáno: Praha : Albatros Media Slovakia s.r.o., 2024
Příbuzné jednotky:Z cyklu:: Cas a Anna
Tagy:
Žádné tagy
LEADER 01059nam a22002417i 4500
001 302661
007 ta
008 260514s2024 xr ||||| |||| 00| 0 cze d
020 |a 9788056640586 
044 |a xr 
100 1 |a  Blakeová, Kendare  |4 aut 
245 1 0 |a Anna v krvi odetá /  |c  Blakeová, Kendare 
240 1 0 |a Anna Dressed in Blood 
264 1 |a Praha :  |b Albatros Media Slovakia s.r.o.,  |c 2024 
300 |a 1 online zdroj (448 stran) 
336 |a text  |b txt  |2 rdacontent 
337 |a bez média  |b n  |2 rdamedia 
338 |a online zdroj  |b cr  |2 rdacarrier 
520 2 |a x 
787 0 8 |g 1  |i Z cyklu:  |t Cas a Anna 
910 |a RBIT002 
998 |d 426843  |a https://core.palmknihy.cz/api/books/426843/cover?tesggt  |b https://core.palmknihy.cz/api/books/426843/cover/400?tesggt  |c https://core.palmknihy.cz/api/books/426843/cover/50?tesggt  |e 2028-08-01  |g 448  |i 9788056640586  |j https://core.palmknihy.cz/api/books/426843/preview.epub  |k https://core.palmknihy.cz/api/books/426843/preview.pdf  |l   |q 49  |r 1  |s https://www.palmknihy.cz/kniha/426843  |t ebook  |y 2024  |z 1  |v Cas a Anna  |w 1 
999 |d 302659